[Event "EU Union-ch U14 17th"]
[Site "Mureck"]
[Date "2019.08.06"]
[Round "7"]
[White "Gemelli, Romain"]
[Black "Tschopp, Olivier"]
[Result "0-1"]
[WhiteElo "1768"]
[BlackElo "1784"]
[PlyCount "56"]
[EventDate "2019.07.31"]
[EventType "swiss"]
[EventRounds "9"]
[EventCountry "AUT"]
[SourceTitle "EXT 2020"]
[Source "ChessBase"]
[SourceDate "2019.10.17"]
[SourceVersion "1"]
[SourceVersionDate "2019.10.17"]
[SourceQuality "1"]

1. d4 Nf6 2. c4 e6 3. Nf3 d5 4. Nc3 Be7 5. Bf4 0-0 6. e3 b6 7. cxd5 Nxd5 8. Nxd5 exd5 9. Be2 Bd6 10. Bxd6 Qxd6 11. 0-0 Bb7 12. Rc1 Nd7 13. b4 Rfc8 14. Qb3 a6 15. Rfd1 c6 16. a4 a5 17. b5 c5 18. Qa3 Qf6 19. dxc5 Nxc5 20. Nd4 Rc7 21. Rc3 Rac8 22. Rdc1 Ne4 23. Rxc7 Qxf2+ 24. Kh1 Rxc7 25. Bf3 Rc3 26. Qa1 Qxe3 27. Rxc3 Qxc3 28. Qxc3 Nxc3 0-1

[Event "EU Union-ch U14 17th"]
[Site "Mureck"]
[Date "2019.08.02"]
[Round "3"]
[White "Tschopp, Olivier"]
[Black "Kan, Efim"]
[Result "1/2-1/2"]
[WhiteElo "1784"]
[BlackElo "1892"]
[PlyCount "61"]
[EventDate "2019.07.31"]
[EventType "swiss"]
[EventRounds "9"]
[EventCountry "AUT"]
[SourceTitle "EXT 2020"]
[Source "ChessBase"]
[SourceDate "2019.10.17"]
[SourceVersion "1"]
[SourceVersionDate "2019.10.17"]
[SourceQuality "1"]

1. e4 c5 2. Nf3 Nc6 3. d4 cxd4 4. Nxd4 e5 5. Nb5 d6 6. N1c3 a6 7. Na3 b5 8. Nd5 Nf6 9. Bg5 Be7 10. Bxf6 Bxf6 11. c4 b4 12. Nc2 a5 13. g3 0-0 14. Bg2 Be6 15. 0-0 Bxd5 16. Qxd5 Rc8 17. Qd3 Qb6 18. b3 a4 19. Rfb1 Ra8 20. a3 Rfb8 21. axb4 Nxb4 22. Nxb4 Qxb4 23. bxa4 Rxa4 24. Bf1 Rxa1 25. Rxa1 Qc5 26. Rb1 Rxb1 27. Qxb1 g6 28. Qb5 Qd4 29. Qd5 Qxd5 30. cxd5 Bd8 31. Bb5 1/2-1/2

[Event "Zuerich op-B 41st"]
[Site "Zuerich"]
[Date "2017.12.27"]
[Round "3"]
[White "Abacherli, Simon"]
[Black "Tschopp, Olivier"]
[Result "1-0"]
[WhiteElo "1923"]
[BlackElo "1836"]
[PlyCount "53"]
[EventDate "2017.12.26"]
[EventType "swiss"]
[EventRounds "7"]
[EventCountry "SUI"]
[SourceTitle "CBM 182 Extra"]
[Source "ChessBase"]
[SourceDate "2018.02.23"]
[SourceVersion "1"]
[SourceVersionDate "2018.02.23"]
[SourceQuality "1"]

1. d4 d5 2. c4 e6 3. Nc3 Nf6 4. cxd5 exd5 5. Bg5 Nbd7 6. e3 c6 7. Bd3 Be7 8. Qc2 0-0 9. h3 Re8 10. Nf3 Nf8 11. 0-0 Be6 12. Rab1 Rc8 13. b4 N6d7 14. Bf4 Bf6 15. Na4 Qe7 16. Nc5 Nb6 17. Nd2 Bg5 18. Bg3 g6 19. a4 Na8 20. a5 b6 21. axb6 axb6 22. Nxe6 Qxe6 23. Ba6 Rcd8 24. Bb7 b5 25. Qxc6 f5 26. Nf3 Bf6 27. Ra1 1-0

[Event "EU Union-ch U12 15th"]
[Site "Mureck"]
[Date "2017.08.09"]
[Round "8"]
[White "Matasaru, Stephanie"]
[Black "Tschopp, Olivier"]
[Result "1/2-1/2"]
[WhiteElo "1549"]
[BlackElo "1656"]
[PlyCount "73"]
[EventDate "2017.08.02"]
[EventType "swiss"]
[EventRounds "9"]
[EventCountry "AUT"]
[SourceTitle "CBM 180 Extra"]
[Source "ChessBase"]
[SourceDate "2017.10.06"]
[SourceVersion "1"]
[SourceVersionDate "2017.10.06"]
[SourceQuality "1"]

1. e4 e5 2. Nc3 Nf6 3. Bc4 Nc6 4. d3 Na5 5. Bb3 Nxb3 6. axb3 d5 7. f4 Bg4 8. Nge2 exf4 9. e5 Nh5 10. Qd2 Qh4+ 11. Kd1 Ng3 12. Re1 Nxe2 13. Nxe2 Qxh2 14. Qa5 Qxg2 15. Qa4+ Bd7 16. Qxf4 Qg4 17. Qf2 b6 18. Rg1 Qf5 19. Bf4 c5 20. Kd2 h6 21. Ng3 Qe6 22. Nh5 g5 23. Nf6+ Kd8 24. Bh2 Be7 25. Nh5 Qf5 26. Qg2 Qe6 27. Raf1 Rg8 28. Nf6 Rg6 29. Nxd5 Bc6 30. c4 f6 31. exf6 Rxf6 32. Re1 Qf7 33. Bc7+ Ke8 34. Nxf6+ Qxf6 35. Qe2 Qxb2+ 36. Kd1 Qb1+ 37. Kd2 1/2-1/2

[Event "EU Union-ch U12 15th"]
[Site "Mureck"]
[Date "2017.08.05"]
[Round "4"]
[White "Cwiek, Ryszard"]
[Black "Tschopp, Olivier"]
[Result "1-0"]
[WhiteElo "1682"]
[BlackElo "1656"]
[PlyCount "83"]
[EventDate "2017.08.02"]
[EventType "swiss"]
[EventRounds "9"]
[EventCountry "AUT"]
[SourceTitle "CBM 180 Extra"]
[Source "ChessBase"]
[SourceDate "2017.10.06"]
[SourceVersion "1"]
[SourceVersionDate "2017.10.06"]
[SourceQuality "1"]

1. e4 e5 2. Nf3 Nc6 3. Nc3 Nf6 4. d4 exd4 5. Nxd4 Nxd4 6. Qxd4 d6 7. Bc4 Be7 8. b3 c6 9. a4 a6 10. Bb2 Bd7 11. a5 c5 12. Qd3 Bc6 13. Nd5 Bxd5 14. Bxd5 Nxd5 15. Qxd5 Bf6 16. Bxf6 Qxf6 17. Qxb7 Qxa1+ 18. Ke2 Qxh1 19. Qxa8+ Ke7 20. Qxh8 Qxg2 21. Qxh7 Qg4+ 22. Ke3 Qg5+ 23. Kd3 Qf6 24. Qf5 Qd4+ 25. Ke2 Qc3 26. Qg5+ Ke8 27. Qd2 Qe5 28. Qd3 f5 29. Qd5 Qxe4+ 30. Qxe4+ fxe4 31. Ke3 d5 32. c4 d4+ 33. Kxe4 Kd7 34. h4 g6 35. b4 Kc6 36. bxc5 Kxc5 37. Kd3 Kb4 38. Kxd4 Kxa5 39. c5 Kb5 40. Kd5 a5 41. c6 Kb6 42. Kd6 1-0

[Event "EU Union-ch U12 15th"]
[Site "Mureck"]
[Date "2017.08.04"]
[Round "3"]
[White "Tschopp, Olivier"]
[Black "Rozmanec, Pia"]
[Result "1-0"]
[WhiteElo "1656"]
[BlackElo "1279"]
[PlyCount "87"]
[EventDate "2017.08.02"]
[EventType "swiss"]
[EventRounds "9"]
[EventCountry "AUT"]
[SourceTitle "CBM 180 Extra"]
[Source "ChessBase"]
[SourceDate "2017.10.06"]
[SourceVersion "1"]
[SourceVersionDate "2017.10.06"]
[SourceQuality "1"]

1. e4 c5 2. Nf3 d6 3. d4 cxd4 4. Nxd4 Nf6 5. Nc3 a6 6. Be3 e5 7. Nb3 Be6 8. f4 exf4 9. Bxf4 Nc6 10. h3 Ne5 11. Qe2 Qc7 12. 0-0-0 Nfd7 13. Nd5 Bxd5 14. Rxd5 Be7 15. g4 Rc8 16. Kb1 b5 17. Rd1 a5 18. Nd4 b4 19. Nb5 Qb6 20. Be3 Nc5 21. Nd4 a4 22. Qb5+ Qxb5 23. Bxb5+ Kd8 24. Nf5 Ne6 25. Bb6+ Nc7 26. Bxc7+ Rxc7 27. Nxd6 Bxd6 28. Rxd6+ Ke7 29. Ra6 Rd8 30. Rxa4 Rd4 31. c3 Rxe4 32. Rxb4 Re3 33. Rd4 Rb7 34. a4 Nf3 35. Rd3 Rxd3 36. Bxd3 Ne5 37. Re1 Kd6 38. Rd1 Ke6 39. Bc2 Nc4 40. b3 Na5 41. Ka2 Nc6 42. Be4 Rc7 43. Bxc6 Rxc6 44. Kb2 1-0

[Event "EU Union-ch U12 15th"]
[Site "Mureck"]
[Date "2017.08.02"]
[Round "1"]
[White "Ullrich, Karol"]
[Black "Tschopp, Olivier"]
[Result "1/2-1/2"]
[WhiteElo "1324"]
[BlackElo "1656"]
[PlyCount "118"]
[EventDate "2017.08.02"]
[EventType "swiss"]
[EventRounds "9"]
[EventCountry "AUT"]
[SourceTitle "CBM 180 Extra"]
[Source "ChessBase"]
[SourceDate "2017.10.06"]
[SourceVersion "1"]
[SourceVersionDate "2017.10.06"]
[SourceQuality "1"]

1. e4 e5 2. Nf3 Nc6 3. Bb5 a6 4. Ba4 Nf6 5. 0-0 Be7 6. Re1 b5 7. Bb3 d6 8. h3 0-0 9. c3 Re8 10. d4 Bf8 11. Bg5 h6 12. Bh4 Bb7 13. d5 Na5 14. a4 Be7 15. Bxf6 Bxf6 16. axb5 axb5 17. Nbd2 c6 18. dxc6 Bxc6 19. c4 bxc4 20. Nxc4 Nxb3 21. Qxb3 d5 22. Rxa8 Bxa8 23. Ncd2 d4 24. Rc1 Qb8 25. Qxb8 Rxb8 26. Rc5 Kh7 27. b3 Re8 28. Nc4 Bxe4 29. Nd6 Be7 30. Rxe5 Bxd6 31. Rxe8 Bxf3 32. gxf3 Kg6 33. Rd8 Bc5 34. b4 Bxb4 35. Rxd4 Be7 36. Kg2 Bf6 37. Rd6 Kg5 38. f4+ Kxf4 39. Rd7 Kf5 40. Rxf7 Kf4 41. Rb7 Kf5 42. Kg3 Be5+ 43. Kf3 Bf6 44. Rb5+ Kg6 45. Kg4 Bg5 46. f4 h5+ 47. Kf3 Bf6 48. Ke4 Bc3 49. Rb6+ Bf6 50. Ra6 Kf7 51. f5 Bc3 52. Kf4 Bf6 53. Kg3 Bg5 54. Kf3 Bh6 55. Ke4 Bg5 56. Ke5 Bh4 57. Ra7+ Kg8 58. Ke6 Bf6 59. Ra6 Bc3 1/2-1/2

[Event "SUI-ch U12"]
[Site "Kreuzlingen"]
[Date "2016.07.01"]
[Round "3"]
[White "Tschopp, Olivier"]
[Black "Babineca, Darja"]
[Result "1/2-1/2"]
[WhiteElo "1566"]
[BlackElo "1755"]
[PlyCount "62"]
[EventDate "2016.06.30"]
[EventType "swiss"]
[EventRounds "7"]
[EventCountry "SUI"]
[SourceTitle "EXT 2017"]
[Source "ChessBase"]
[SourceDate "2016.10.25"]
[SourceVersion "1"]
[SourceVersionDate "2016.10.25"]
[SourceQuality "1"]

1. e4 e5 2. Nf3 Nf6 3. Nc3 Bb4 4. Bc4 Nc6 5. a3 Bxc3 6. dxc3 h6 7. 0-0 0-0 8. Re1 d6 9. h3 Be6 10. Bd3 Re8 11. Be3 d5 12. exd5 Bxd5 13. Bb5 a6 14. Bxc6 Bxc6 15. Qe2 Nd5 16. Rad1 Qe7 17. Bc1 f6 18. Qc4 Qf7 19. Qg4 g5 20. Nh2 Rad8 21. Nf1 h5 22. Qc4 Nf4 23. Qxf7+ Kxf7 24. Ne3 Be4 25. Nc4 Ne6 26. Ne3 Nf4 27. Nc4 Ne6 28. Ne3 Nf4 29. Nc4 Ne6 30. Ne3 Nf4 31. Nc4 Ne6 1/2-1/2